Estadísticas para Países más cercanos a Gabón - Un minuto de sprint

Haz click aquí para intentar la prueba.

Estadísticas generales

  • Esta prueba ha sido intentada 15 veces
  • La puntuación promedio es 10 de 20

Estadísticas de respuestas

kmpaís% Correcto
0Congo
91%
158Rep Dem del Congo
91%
0Camerún
82%
0Guinea Ecuatorial
73%
1184Níger
73%
418Nigeria
73%
118Angola
64%
1442Côte d'Ivoire
55%
1463Namibia
55%
969Benín
45%
637Chad
45%
1044Togo
45%
1091Ghana
36%
232República
Centroafricana
36%
237Santo Tomé
y Príncipe
36%
1435Zambia
36%
1604Ruanda
18%
1429Burkina Faso
9%
1396Sudán
0%
1314Sudán del Sur
0%

Distribución de puntuación

Porcentaje por número respondido

Porcentaje de gente con cada puntuación

Historial de tus puntuaciones

No has intentado esta prueba.